|
|
|
|
| LEADER |
01009nam a2200265 a 4500 |
| 001 |
4749826 |
| 008 |
110720s1985 cou b 001 0 eng d |
| 010 |
|
|
|a 85003162
|
| 020 |
|
|
|a 0865312672
|
| 040 |
|
|
|a DLC
|c DLC
|d DLC
|c BD-DhAAL
|
| 082 |
0 |
0 |
|a 016.3054
|2 19
|
| 100 |
1 |
|
|a Searing, Susan E.
|
| 245 |
1 |
0 |
|a Introduction to library research in women's studies /
|c Susan E. Searing.
|
| 260 |
|
|
|a Boulder :
|b Westview Press,
|c 1985.
|
| 300 |
|
|
|a xiii, 257 p. ;
|c 23 cm.
|
| 490 |
0 |
|
|a Westview guides to library research
|
| 500 |
|
|
|a Includes indexes.
|
| 541 |
1 |
|
|e 00004889
|
| 650 |
|
0 |
|a Women
|x Reference books
|x Bibliography.
|
| 650 |
|
0 |
|a Women
|x Bibliography.
|
| 650 |
|
0 |
|a Women
|x Research
|x Methodology.
|
| 650 |
|
0 |
|a Women's studies
|x Bibliography.
|
| 852 |
4 |
|
|a Ayesha Abed Library
|c General shelf
|
| 999 |
|
|
|c 11118
|d 11118
|
| 952 |
|
|
|0 0
|1 0
|2 ddc
|4 0
|6 016_305400000000000_SEA
|7 0
|9 17555
|a BRACUL
|b BRACUL
|c GEN
|d 2011-07-21
|g 0.00
|l 0
|o 016.3054 SEA
|p 3010004889
|r 2011-07-21
|t 1
|w 2011-07-21
|y BK
|z Not price in Register
|x Available
|